Sports Quiz

Random Sports or NBA Quiz

Sports Logos II Quiz Stats

 Plays Quiz Updated Sep 2, 2016

Also try: Sports Logos
Challenge
Share
Tweet
Score 0/30 Timer 06:00
33 Plays Today
% Correct
Boston Celtics
93.2%
Green Bay Packers
92.4%
New England Patriots
92.2%
Carolina Panthers
91.3%
Jacksonville Jaguars
90.1%
Baltimore Ravens
88.7%
Pittsburgh Penguins
88.7%
Denver Broncos
88.1%
St. Louis Cardinals
87.6%
Tennessee Titans
85.7%
Cincinnati Reds
83.8%
Los Angeles Angels
83.2%
Golden State Warriors
81.4%
Toronto Raptors
79%
Colorado Rockies
77.5%
% Correct
Chicago Blackhawks
75.7%
Sacramento Kings
75.2%
Washington Nationals
73.3%
Calgary Flames
72.5%
Seattle Mariners
71.8%
Manchester United F.C.
66.1%
Carolina Hurricanes
64.9%
FC Barcelona
63.6%
New York Red Bulls
63.1%
Ottawa Senators
59.3%
Liverpool F.C.
49.6%
New Orleans Pelicans
49.3%
LA Galaxy
48%
FC Bayern Munich
38.3%
West Ham United F.C.
31.5%

You're not logged in!

Compare scores with friends on all Sporcle quizzes.
OR
Log In

You Might Also Like...

Show Comments

Extras

Top Quizzes Today


Score Distribution

Your Account Isn't Verified!

In order to create a playlist on Sporcle, you need to verify the email address you used during registration. Go to your Sporcle Settings to finish the process.

Report this User

Report this user for behavior that violates our Community Guidelines.

Details: